<?xml version="1.0" encoding="UTF-8"?>
<record
    xmlns:xsi="http://www.w3.org/2001/XMLSchema-instance"
    xsi:schemaLocation="http://www.loc.gov/MARC21/slim http://www.loc.gov/standards/marcxml/schema/MARC21slim.xsd"
    xmlns="http://www.loc.gov/MARC21/slim">

  <leader>01543nab a2200301   4500</leader>
  <controlfield tag="003">AR-RoBPED</controlfield>
  <controlfield tag="005">20260504101257.0</controlfield>
  <controlfield tag="008">260504b        |||||||| |||| 00| 0 spa d</controlfield>
  <datafield tag="040" ind1=" " ind2=" ">
    <subfield code="a">AR-RoBPED</subfield>
  </datafield>
  <datafield tag="041" ind1=" " ind2=" ">
    <subfield code="a">spa</subfield>
  </datafield>
  <datafield tag="100" ind1="1" ind2=" ">
    <subfield code="a">Banchero, Mar&#xED;a Isabel</subfield>
    <subfield code="9">27464</subfield>
    <subfield code="e">Profesora en Lengua</subfield>
  </datafield>
  <datafield tag="245" ind1="1" ind2=" ">
    <subfield code="a">Dise&#xF1;ar propuestas did&#xE1;cticas a partir de salidas educativas. </subfield>
    <subfield code="b">San Carlos, un lugar para alojar las emociones /</subfield>
  </datafield>
  <datafield tag="260" ind1=" " ind2=" ">
    <subfield code="a">Buenos Aires :</subfield>
    <subfield code="b">Noveduc,</subfield>
    <subfield code="c">2023</subfield>
  </datafield>
  <datafield tag="300" ind1=" " ind2=" ">
    <subfield code="a">58-61 p.</subfield>
  </datafield>
  <datafield tag="500" ind1=" " ind2=" ">
    <subfield code="a">En este texto se narra una experiencia enmarcada en un proyecto interdisciplinario que se desarroll&#xF3; con estudiantes de segundo a&#xF1;o del Profesorado de Educaci&#xF3;n Primaria de la Escuela Normal N&#xB0; 15" D.F Sarmiento", de la ciudad de Concordia, en la provincia de Entre R&#xED;os. Las unidades curriculares implicadas fueron Lengua, Literatura y su Did&#xE1;ctica II, TIC y la UDI de "Historia y Patrimonio Local".</subfield>
  </datafield>
  <datafield tag="650" ind1=" " ind2="0">
    <subfield code="a">PROPUESTA DID&#xC1;CTICA</subfield>
    <subfield code="9">22005</subfield>
  </datafield>
  <datafield tag="650" ind1=" " ind2="7">
    <subfield code="a">LITERATURA</subfield>
    <subfield code="9">244</subfield>
  </datafield>
  <datafield tag="650" ind1=" " ind2="7">
    <subfield code="a">LENGUA</subfield>
    <subfield code="9">847</subfield>
  </datafield>
  <datafield tag="650" ind1=" " ind2="7">
    <subfield code="a">DISE&#xD1;OS CURRICULARES</subfield>
    <subfield code="9">18458</subfield>
  </datafield>
  <datafield tag="650" ind1=" " ind2="7">
    <subfield code="a">ESTUDIANTES</subfield>
    <subfield code="9">11380</subfield>
  </datafield>
  <datafield tag="650" ind1=" " ind2="7">
    <subfield code="a">FORMACION DE DOCENTES</subfield>
    <subfield code="9">1259</subfield>
  </datafield>
  <datafield tag="650" ind1=" " ind2="7">
    <subfield code="a">DISE&#xD1;O CURRICULAR</subfield>
    <subfield code="9">306</subfield>
  </datafield>
  <datafield tag="700" ind1="1" ind2=" ">
    <subfield code="a">Imoberdoff, Ana C.</subfield>
    <subfield code="9">29384</subfield>
    <subfield code="e">Licenciada y profesora en Sistemas</subfield>
  </datafield>
  <datafield tag="700" ind1="1" ind2=" ">
    <subfield code="a">Rivero, H&#xE9;ctor F.</subfield>
    <subfield code="9">30866</subfield>
    <subfield code="e">Profesor Superior de Ciencias Sociales</subfield>
  </datafield>
  <datafield tag="773" ind1="0" ind2=" ">
    <subfield code="0">20414</subfield>
    <subfield code="9">40098</subfield>
    <subfield code="d">Buenos Aires :  Noveduc,  1993-</subfield>
    <subfield code="t">Novedades Educativas</subfield>
    <subfield code="w">(AR-RoBPED)20414</subfield>
    <subfield code="x">03283534</subfield>
  </datafield>
  <datafield tag="942" ind1=" " ind2=" ">
    <subfield code="2">udc</subfield>
    <subfield code="c">REV</subfield>
    <subfield code="h">37(05)</subfield>
    <subfield code="m">Nov 86 N&#xB0; 393 (Dic. 2023)</subfield>
    <subfield code="a">k.32685</subfield>
  </datafield>
  <datafield tag="945" ind1=" " ind2=" ">
    <subfield code="a">mar 05/2026</subfield>
  </datafield>
  <datafield tag="999" ind1=" " ind2=" ">
    <subfield code="c">32685</subfield>
    <subfield code="d">32685</subfield>
  </datafield>
</record>
